000
00293nam a2200109Ia 4500
008
220204s9999 xx 000 0 und d
082
_a
NR:63:930.25
_b
ARC.42
245
0
_a
Selection of the RRIM 600 series clones
260
_a
Malaysia
_b
RRIM
_c
1965
490
_a
RRIM Archives No.42
942
_c
BK
999
_c
22753
_d
22753